[Event "Catalunya-chB"]
[Site "Spain"]
[Date "1996.11.24"]
[Round "8"]
[White "Zaragoza Galvez, David"]
[Black "Formosa Jordan, Pau"]
[Result "0-1"]
[WhiteElo "1755"]
[BlackElo "1835"]
[PlyCount "58"]
[EventDate "1997.??.??"]
[EventType "swiss"]
[EventRounds "8"]
[EventCountry "ESP"]
[SourceTitle "EXT 2003"]
[Source "ChessBase"]
[SourceDate "2002.11.25"]
[SourceVersion "1"]
[SourceVersionDate "2002.11.25"]
[SourceQuality "1"]

1. e4 c6 2. d4 d5 3. Nd2 dxe4 4. Nxe4 Bf5 5. Ng3 Bg6 6. h4 h6 7. h5 Bh7 8. Nf3 Nf6 9. Bc4 e6 10. Qe2 Nbd7 11. Bf4 Be7 12. 0-0-0 0-0 13. Ne5 Nxe5 14. dxe5 Nd5 15. Kb1 Qc7 16. Bd2 b5 17. Bb3 a5 18. f4 a4 19. Bxd5 cxd5 20. f5 exf5 21. Rdf1 f4 22. Bxf4 a3 23. e6 Qc6 24. exf7+ Rxf7 25. Be5 Bf6 26. Bxf6 Rxf6 27. Rxf6 gxf6 28. Re1 Rc8 29. bxa3 Bxc2+ 0-1